Normal view
MARC view
- تأليف بن سلطان، منيرة بنت سعد ((أخت سلطان))
Entry Personal Name
001 - CONTROL NUMBER
- control field: 40135
003 - CONTROL NUMBER IDENTIFIER
- control field: JO-AjAnu
005 - DATE AND TIME OF LATEST TRANSACTION
- control field: 20230606080653.0
008 - FIXED-LENGTH DATA ELEMENTS
- fixed length control field: 230606|| aca||aabn | a|a d
040 ## - CATALOGING SOURCE
- Original cataloging agency: JO-AjAnu
- Transcribing agency: JO-AjAnu
100 ## - HEADING--PERSONAL NAME
- Personal name: تأليف بن سلطان، منيرة بنت سعد ((أخت سلطان))
670 ## - SOURCE DATA FOUND
- Source citation: Work cat.: (JO-AjAnu)20575: تأليف بن سلطان، منيرة بنت سعد ((أخت سلطان)), author, ما بعد الدموع.....؟